MLK: Letter from Birmingham Jail Quiz Stats

 Plays Quiz Updated Jan 15, 2018

Support Sporcle.
Go Orange.
Score 0/81 Timer 08:00
0 Plays Today
% Correct
threat
99%
demanded
98.1%
lovingly,
97.7%
openly,
97.7%
frustrating
97.6%
means
97.6%
pure
97.6%
willingness
97.6%
merely
97.6%
Conversely,
97.6%
surface
97.6%
absolute
97.5%
demands
97.5%
accept
97.5%
alive.
97.5%
seek.
97.5%
hidden
97.3%
a
90.9%
a
90.9%
a
90.9%
the
88.3%
the
88.3%
the
88.3%
the
88.3%
the
88.3%
the
88.3%
the
88.3%
% Correct
is
87.3%
is
87.3%
is
87.3%
to
86.8%
to
86.8%
to
86.8%
to
86.8%
it
77.9%
be
76.4%
be
76.4%
and
75%
and
74.9%
just
74.1%
we
73.5%
we
73.5%
We
73.5%
by
73.5%
must
73.3%
must
73.3%
must
73.3%
everywhere.
73.1%
justice
69.2%
oppressed.
66.9%
that
66.3%
that
66.3%
of
64%
one
59.7%
% Correct
laws.
59.3%
laws.
59.3%
has
59%
so
58.3%
people
57.5%
moral
55.5%
from
55.3%
do
55.3%
responsibility
54.1%
unjust
53.6%
bring
53.2%
with
52.3%
robber.
51.2%
will.
51%
as
50%
as
50%
punish
48.2%
use
47.2%
disobey
45.9%
than
45.2%
more
45.1%
tension
40.3%
ill
34.7%
ends
30.7%
already
24.1%
misunderstanding
19.3%
penalty.
12.3%

You're not logged in!

Compare scores with friends on all Sporcle quizzes.
OR
Log In

From the Vault

One Syllable Bible Books

by SomeChaz

When you've only got one syllable, it's important to make it a memorable one.
Remove Ads.
Support Sporcle.
Get the best of Sporcle when you Go Orange. This ad-free experience offers more features, more stats, and more fun while also helping to support Sporcle. Thank you for becoming a member.

Show Comments

Extras

Top Quizzes Today


Score Distribution

Your Account Isn't Verified!

In order to create a playlist on Sporcle, you need to verify the email address you used during registration. Go to your Sporcle Settings to finish the process.

Report this User

Report this user for behavior that violates our Community Guidelines.

Details: